Mirror for humanity a concise introduction to cultural anthropology

সংরক্ষণ করুন:
গ্রন্থ-পঞ্জীর বিবরন
প্রধান লেখক: Kottak, Conrad Phillip.
অন্যান্য লেখক: 1906-1998.
বিন্যাস: গ্রন্থ
ভাষা:English
প্রকাশিত: New York McGraw-Hill 2012
সংস্করন:8th ed.
বিষয়গুলি:
ট্যাগগুলো: ট্যাগ যুক্ত করুন
কোনো ট্যাগ নেই, প্রথমজন হিসাবে ট্যাগ করুন!
Thư viện lưu trữ: Mạng thư viện Đại học Đà Nẵng
LEADER 01243nam a2200349 4500
001 000024456
003 20944
005 20161209151225.0
008 161209s2012 engsd
020 |a 0078034906 (pbk. : alk. paper)  |a 9780078034909 (pbk. : alk. paper) 
041 0 |a eng 
082 1 4 |a 306  |b KO-C 
100 1 |a Kottak, Conrad Phillip.  |q (Laura Ann) 
245 1 0 |a Mirror for humanity  |b a concise introduction to cultural anthropology  |c Conrad Phillip Kottak. 
246 |a Concise introduction to cultural anthropology. 
250 |a 8th ed. 
260 |a New York  |b McGraw-Hill  |c 2012 
300 |a xxiii, 354 p.  |b illustrations, maps  |c 24 cm. 
504 |a Includes bibliographical references and index. 
650 0 |a Ethnology. 
653 |a Culture 
700 1 |d 1906-1998. 
OWN |a LSP 
AVA |a UDN50  |b LSP  |d 306 KO-C  |e available  |t Error 5001 Not defined in file expand_doc_bib_avail.  |f 1  |g 0  |h N  |i 0  |k 1 
999 |a From the UDN01 
AVA |a UDN50  |b LSP  |d 306 KO-C  |e available  |t Error 5001 Not defined in file expand_doc_bib_avail.  |f 1  |g 0  |h N  |i 0  |k 1 
TYP |a Monograph 
TYP |a Printed language 
980 |a Mạng thư viện Đại học Đà Nẵng